<?xml version="1.0" encoding="UTF-8"?>
<record
    xmlns:xsi="http://www.w3.org/2001/XMLSchema-instance"
    xsi:schemaLocation="http://www.loc.gov/MARC21/slim http://www.loc.gov/standards/marcxml/schema/MARC21slim.xsd"
    xmlns="http://www.loc.gov/MARC21/slim">

  <leader>00902nam a2200277Ia 4500</leader>
  <controlfield tag="005">20220316235447.0</controlfield>
  <controlfield tag="008">121119s1996    ck     gr     000 p spa  </controlfield>
  <datafield tag="020" ind1=" " ind2=" ">
    <subfield code="a">9583600261</subfield>
  </datafield>
  <datafield tag="041" ind1="1" ind2=" ">
    <subfield code="a">spa</subfield>
  </datafield>
  <datafield tag="100" ind1="1" ind2=" ">
    <subfield code="a">Heine, Heinrich</subfield>
    <subfield code="d">1797-1856</subfield>
  </datafield>
  <datafield tag="245" ind1="1" ind2="0">
    <subfield code="a">Sue&#xF1;os y canciones </subfield>
    <subfield code="c">Heinrich Heine ; traducci&#xF3;n y pr&#xF3;logo de Luis Fayad</subfield>
  </datafield>
  <datafield tag="250" ind1=" " ind2=" ">
    <subfield code="a">Primera edici&#xF3;n</subfield>
  </datafield>
  <datafield tag="300" ind1=" " ind2=" ">
    <subfield code="a">99 p&#xE1;ginas</subfield>
    <subfield code="c">21 cm</subfield>
  </datafield>
  <datafield tag="534" ind1=" " ind2=" ">
    <subfield code="b">Texto bilingue en espa&#xF1;ol y alem&#xE1;n</subfield>
  </datafield>
  <datafield tag="650" ind1="1" ind2="4">
    <subfield code="a">Poes&#xED;a alemana</subfield>
    <subfield code="2">LEMB</subfield>
  </datafield>
  <datafield tag="650" ind1="1" ind2="4">
    <subfield code="a">Sue&#xF1;os</subfield>
    <subfield code="v">Poes&#xED;as</subfield>
    <subfield code="2">LEMB</subfield>
  </datafield>
  <datafield tag="650" ind1="1" ind2="4">
    <subfield code="a">Romanticismo en la poes&#xED;a</subfield>
    <subfield code="2">LEMB</subfield>
  </datafield>
  <datafield tag="700" ind1="1" ind2=" ">
    <subfield code="a">Fayad, Luis,</subfield>
    <subfield code="d">1945-</subfield>
    <subfield code="e">traductor</subfield>
    <subfield code="9">37705</subfield>
  </datafield>
  <datafield tag="942" ind1=" " ind2=" ">
    <subfield code="2">loc</subfield>
    <subfield code="c">BKLIT</subfield>
  </datafield>
  <datafield tag="264" ind1=" " ind2=" ">
    <subfield code="a">Santa F&#xE9; de Bogot&#xE1;</subfield>
    <subfield code="b">El Ancora Editores</subfield>
    <subfield code="c">1996</subfield>
  </datafield>
  <datafield tag="336" ind1=" " ind2=" ">
    <subfield code="a">texto</subfield>
    <subfield code="b">txt</subfield>
    <subfield code="2">rdacontent</subfield>
  </datafield>
  <datafield tag="337" ind1=" " ind2=" ">
    <subfield code="a">sin mediaci&#xF3;n</subfield>
    <subfield code="b">n</subfield>
    <subfield code="2">rdamedia</subfield>
  </datafield>
  <datafield tag="338" ind1=" " ind2=" ">
    <subfield code="a">volumen</subfield>
    <subfield code="b">nc</subfield>
    <subfield code="2">rdacarrier</subfield>
  </datafield>
  <datafield tag="040" ind1=" " ind2=" ">
    <subfield code="a">CO-BoRNBP</subfield>
    <subfield code="b">spa</subfield>
    <subfield code="e">rda</subfield>
    <subfield code="c">CO-BoRNBP</subfield>
  </datafield>
  <datafield tag="084" ind1=" " ind2=" ">
    <subfield code="a">P HEI3</subfield>
  </datafield>
  <datafield tag="999" ind1=" " ind2=" ">
    <subfield code="c">1029</subfield>
    <subfield code="d">1029</subfield>
  </datafield>
  <datafield tag="952" ind1=" " ind2=" ">
    <subfield code="0">0</subfield>
    <subfield code="1">0</subfield>
    <subfield code="2">ddc</subfield>
    <subfield code="4">0</subfield>
    <subfield code="7">0</subfield>
    <subfield code="8">INF</subfield>
    <subfield code="a">MEGUAMAL</subfield>
    <subfield code="b">MEGUAMAL</subfield>
    <subfield code="c">SInf</subfield>
    <subfield code="d">2023-02-15</subfield>
    <subfield code="l">0</subfield>
    <subfield code="o">P HEI3</subfield>
    <subfield code="p">GUA001316</subfield>
    <subfield code="r">2023-02-15 00:00:00</subfield>
    <subfield code="t">Ej.1</subfield>
    <subfield code="w">2023-02-15</subfield>
    <subfield code="y">BKINF</subfield>
  </datafield>
  <datafield tag="952" ind1=" " ind2=" ">
    <subfield code="0">0</subfield>
    <subfield code="1">0</subfield>
    <subfield code="2">ddc</subfield>
    <subfield code="4">0</subfield>
    <subfield code="7">0</subfield>
    <subfield code="8">GEN</subfield>
    <subfield code="a">MECASTIL</subfield>
    <subfield code="b">MECASTIL</subfield>
    <subfield code="c">LIT</subfield>
    <subfield code="d">2023-07-26</subfield>
    <subfield code="l">0</subfield>
    <subfield code="o">P  HEI3</subfield>
    <subfield code="p">EC02293</subfield>
    <subfield code="r">2023-07-26 20:09:55</subfield>
    <subfield code="t">Ej.1</subfield>
    <subfield code="w">2023-07-26</subfield>
    <subfield code="y">BKLIT</subfield>
  </datafield>
  <datafield tag="952" ind1=" " ind2=" ">
    <subfield code="0">0</subfield>
    <subfield code="1">0</subfield>
    <subfield code="2">ddc</subfield>
    <subfield code="4">0</subfield>
    <subfield code="7">0</subfield>
    <subfield code="8">GEN</subfield>
    <subfield code="a">MEFTEORO</subfield>
    <subfield code="b">MEFTEORO</subfield>
    <subfield code="c">LIT</subfield>
    <subfield code="d">2023-08-01</subfield>
    <subfield code="l">0</subfield>
    <subfield code="o">P HEI3</subfield>
    <subfield code="p">Fo01510</subfield>
    <subfield code="r">2023-08-01 14:43:00</subfield>
    <subfield code="t">Ej.1</subfield>
    <subfield code="w">2023-08-01</subfield>
    <subfield code="y">BKLIT</subfield>
  </datafield>
  <datafield tag="952" ind1=" " ind2=" ">
    <subfield code="0">0</subfield>
    <subfield code="1">0</subfield>
    <subfield code="2">ddc</subfield>
    <subfield code="4">0</subfield>
    <subfield code="7">0</subfield>
    <subfield code="8">GEN</subfield>
    <subfield code="a">MECUBARR</subfield>
    <subfield code="b">MECUBARR</subfield>
    <subfield code="c">LIT</subfield>
    <subfield code="d">2023-08-02</subfield>
    <subfield code="l">0</subfield>
    <subfield code="o">P HEI3</subfield>
    <subfield code="p">CUB01887</subfield>
    <subfield code="r">2023-08-02 20:12:35</subfield>
    <subfield code="t">Ej.1</subfield>
    <subfield code="w">2023-08-02</subfield>
    <subfield code="y">BKLIT</subfield>
  </datafield>
  <datafield tag="952" ind1=" " ind2=" ">
    <subfield code="0">0</subfield>
    <subfield code="1">0</subfield>
    <subfield code="2">ddc</subfield>
    <subfield code="4">0</subfield>
    <subfield code="7">0</subfield>
    <subfield code="8">GEN</subfield>
    <subfield code="a">MEBAUPIA</subfield>
    <subfield code="b">MEBAUPIA</subfield>
    <subfield code="c">LIT</subfield>
    <subfield code="d">2023-10-02</subfield>
    <subfield code="l">0</subfield>
    <subfield code="o">P HEI3</subfield>
    <subfield code="p">BUP00794</subfield>
    <subfield code="r">2023-10-02 21:07:05</subfield>
    <subfield code="t">Ej.1</subfield>
    <subfield code="w">2023-10-02</subfield>
    <subfield code="y">BKLIT</subfield>
  </datafield>
  <datafield tag="952" ind1=" " ind2=" ">
    <subfield code="0">0</subfield>
    <subfield code="1">0</subfield>
    <subfield code="2">ddc</subfield>
    <subfield code="4">0</subfield>
    <subfield code="7">0</subfield>
    <subfield code="8">GEN</subfield>
    <subfield code="a">MEMAPIRI</subfield>
    <subfield code="b">MEMAPIRI</subfield>
    <subfield code="c">LIT</subfield>
    <subfield code="d">2024-01-15</subfield>
    <subfield code="l">0</subfield>
    <subfield code="o">P HEI3</subfield>
    <subfield code="p">MAP00001471</subfield>
    <subfield code="r">2024-01-15 21:37:17</subfield>
    <subfield code="t">Ej.1</subfield>
    <subfield code="w">2024-01-15</subfield>
    <subfield code="y">BKLIT</subfield>
  </datafield>
  <datafield tag="952" ind1=" " ind2=" ">
    <subfield code="0">0</subfield>
    <subfield code="1">0</subfield>
    <subfield code="2">ddc</subfield>
    <subfield code="4">0</subfield>
    <subfield code="7">0</subfield>
    <subfield code="8">GEN</subfield>
    <subfield code="a">MEPLLERAS</subfield>
    <subfield code="b">MEPLLERAS</subfield>
    <subfield code="c">LIT</subfield>
    <subfield code="d">2024-03-01</subfield>
    <subfield code="l">0</subfield>
    <subfield code="o">P HEI3</subfield>
    <subfield code="p">PLL01288</subfield>
    <subfield code="r">2024-03-01 14:34:30</subfield>
    <subfield code="t">Ej.1</subfield>
    <subfield code="w">2024-03-01</subfield>
    <subfield code="y">BKLIT</subfield>
  </datafield>
  <datafield tag="952" ind1=" " ind2=" ">
    <subfield code="0">0</subfield>
    <subfield code="1">0</subfield>
    <subfield code="2">ddc</subfield>
    <subfield code="4">0</subfield>
    <subfield code="7">0</subfield>
    <subfield code="a">MEMESETA</subfield>
    <subfield code="b">MEMESETA</subfield>
    <subfield code="c">LIT</subfield>
    <subfield code="d">2024-11-18</subfield>
    <subfield code="k">9583600261</subfield>
    <subfield code="l">0</subfield>
    <subfield code="o">P HEI3</subfield>
    <subfield code="p">ME000585</subfield>
    <subfield code="r">2024-11-18 11:33:52</subfield>
    <subfield code="t">Ej.1</subfield>
    <subfield code="w">2024-11-18</subfield>
    <subfield code="y">BKLIT</subfield>
  </datafield>
  <datafield tag="952" ind1=" " ind2=" ">
    <subfield code="0">0</subfield>
    <subfield code="1">0</subfield>
    <subfield code="2">ddc</subfield>
    <subfield code="4">0</subfield>
    <subfield code="7">0</subfield>
    <subfield code="8">GEN</subfield>
    <subfield code="a">MEURIBE</subfield>
    <subfield code="b">MEURIBE</subfield>
    <subfield code="c">LIT</subfield>
    <subfield code="d">2025-01-22</subfield>
    <subfield code="l">0</subfield>
    <subfield code="o">P HEI3</subfield>
    <subfield code="p">URI02305</subfield>
    <subfield code="r">2025-01-22 17:05:25</subfield>
    <subfield code="t">Ej.1</subfield>
    <subfield code="w">2025-01-22</subfield>
    <subfield code="y">BKLIT</subfield>
  </datafield>
  <datafield tag="952" ind1=" " ind2=" ">
    <subfield code="0">0</subfield>
    <subfield code="1">0</subfield>
    <subfield code="2">ddc</subfield>
    <subfield code="4">0</subfield>
    <subfield code="7">0</subfield>
    <subfield code="8">GEN</subfield>
    <subfield code="a">MEPLOPEZ</subfield>
    <subfield code="b">MEPLOPEZ</subfield>
    <subfield code="c">GEN</subfield>
    <subfield code="d">2025-10-28</subfield>
    <subfield code="l">0</subfield>
    <subfield code="o">P HEI3</subfield>
    <subfield code="p">PLZ03905</subfield>
    <subfield code="r">2025-10-28 19:53:25</subfield>
    <subfield code="t">Ej.1</subfield>
    <subfield code="w">2025-10-28</subfield>
    <subfield code="y">BKLIT</subfield>
  </datafield>
  <datafield tag="952" ind1=" " ind2=" ">
    <subfield code="0">0</subfield>
    <subfield code="1">0</subfield>
    <subfield code="2">ddc</subfield>
    <subfield code="4">0</subfield>
    <subfield code="7">0</subfield>
    <subfield code="8">GEN</subfield>
    <subfield code="a">MELEJANI</subfield>
    <subfield code="b">MELEJANI</subfield>
    <subfield code="c">GEN</subfield>
    <subfield code="d">2026-01-21</subfield>
    <subfield code="l">0</subfield>
    <subfield code="o">P HEI3</subfield>
    <subfield code="p">LEJ01866</subfield>
    <subfield code="r">2026-01-21 14:36:28</subfield>
    <subfield code="t">Ej.1</subfield>
    <subfield code="w">2026-01-21</subfield>
    <subfield code="y">BKLIT</subfield>
  </datafield>
</record>
